Live Action DC & Marvel Movies - Statistics

General Stats
  • This quiz has been taken 57 times
    35 since last reset
  • The average score is 94 of 128
Answer Stats
Answer Hint % Correct
Hulk 2003
100%
Iron Man 2008
100%
The Incredible Hulk 2008
100%
Thor 2011
100%
Avengers: Endgame 2019
96%
Captain America 1990
96%
Captain America: The First Avenger 2011
96%
Iron Man 2 2010
96%
Iron Man 3 2013
96%
The Avengers 2012
96%
Thor: Ragnarok 2017
96%
X-Men 2000
96%
Avengers: Age of Ultron 2015
91%
Batman 1989
91%
Batman Forever 1995
91%
Black Panther 2018
91%
Black Widow 2021
91%
Deadpool 2016
91%
Deadpool 2 2018
91%
Deadpool & Wolverine 2024
91%
Spider-Man 2002
91%
Spider-Man 2 2004
91%
Spider-Man 3 2007
91%
Superman 1978 | 2025
91%
The Amazing Spider-Man 2012
91%
The Batman 2022
91%
The Wolverine 2013
91%
Thor: The Dark World 2013
91%
Ant-Man 2015
87%
Avengers: Infinity War 2018
87%
Captain America: Civil War 2016
87%
Captain America: The Winter Soldier 2014
87%
Fantastic Four 2005 | 2015
87%
Logan 2017
87%
Thor: Love and Thunder 2022
87%
Wonder Woman 1974 | 2017
87%
X-Men: Apocalypse 2016
87%
X-Men: Days of Future Past 2014
87%
Aquaman 2018
83%
Batman Begins 2005
83%
Black Panther: Wakanda Forever 2022
83%
Captain Marvel 2019
83%
Doctor Strange 2017
83%
Guardians of the Galaxy 2014
83%
Guardians of the Galaxy Vol. 2 2017
83%
Guardians of the Galaxy Vol. 3 2023
83%
Spider-Man: Far From Home 2019
83%
Spider-Man: Homecoming 2017
83%
Spider-Man: No Way Home 2021
83%
The Dark Knight 2008
83%
The Dark Knight Rises 2012
83%
X-Men: First Class 2011
83%
Ant-Man and the Wasp 2018
78%
Batman Returns 1992
78%
Captain America: Brave New World 2025
78%
Daredevil 2003
78%
Doctor Strange in the Multiverse of Madness 2022
78%
Elektra 2005
78%
Eternals 2021
78%
Justice League 2017
78%
Man of Steel 2013
78%
Superman Returns 2006
78%
Thunderbolts* 2025
78%
Wonder Woman 1984 2020
78%
X-Men Origins: Wolverine 2009
78%
Ant-Man and the Wasp: Quantumania 2023
74%
Aquaman and the Lost Kingdom 2023
74%
Batman & Robin 1997
74%
Fantastic Four: Rise of the Silver Surfer 2007
74%
Ghost Rider 2007
74%
Supergirl 1984
74%
Superman II 1980
74%
Superman III 1983
74%
The Flash 2023
74%
The Marvels 2023
74%
The Punisher 1989 | 2004
74%
The Suicide Squad 2021
74%
X-Men: The Last Stand 2006
74%
Avengers: Doomsday 2026
70%
Shang-Chi and the Legend of the Ten Rings 2021
70%
Shazam! 2019
70%
Suicide Squad 2016
70%
The Amazing Spider-Man 2 2014
70%
The Fantastic Four: First Steps 2025
70%
Birds of Prey 2020
65%
Black Adam 2022
65%
Blue Beetle 2023
65%
Dark Phoenix 2019
65%
Green Lantern 2011
65%
Joker 2019
65%
Swamp Thing 1982
65%
Venom 2018
65%
Venom: Let There Be Carnage 2021
65%
Catwoman 2004
61%
Ghost Rider: Spirit of Vengeance 2012
61%
Kraven the Hunter 2024
61%
Madame Web 2024
61%
Avengers: Secret Wars 2027
57%
Batman v Superman: Dawn of Justice 2016
57%
Blade 1998
57%
Blade II 2002
57%
Joker: Folie à Deux 2024
57%
Morbius 2021
57%
Steel 1997
57%
Venom: The Last Dance 2024
57%
Blade: Trinity 2004
52%
Shazam! Fury of the Gods 2023
52%
Spider-Man: Brand New Day 2026
52%
Zack Snyder's Justice League 2021
52%
Clayface 2026
48%
The Return of Swamp Thing 1989
48%
Constantine 2005
43%
Howard the Duck 1986
43%
Punisher: War Zone 2008
43%
Superman IV: The Quest for Peace 1987
43%
X2: X-Men United 2003
43%
Batman: The Movie 1966
39%
The New Mutants 2020
39%
The Batman Part II 2027
35%
Superman and the Mole-Men 1951
26%
Supergirl: Woman of Tomorrow 2026
22%
The Guardians of the Galaxy Holiday Special 2022
22%
Werewolf by Night 2022
13%
The New Original Wonder Woman 1975
4%
No matching quizzes found
Score Distribution
Percent of People with Each Score
Percentile by Number Answered
Your Score History
You have not taken this quiz since the last reset